000 00553nam a2200181Ia 4500
005 20250508150801.0
008 008 250505s9999 xx 000 0 eng d
037 _aReference
040 _aFEDL
_beng
_cFEDL
041 _aeng
_2eng
084 _a370.15, WAT
_qFEDL
100 _aWatts A F
_9756206
245 0 _aLanguage and mental development of children: As essay in educational psychology
260 _aLondon, UK
_bGeorge G. Harrap and Co. Ltd
_c1944
300 _a354p.
942 _cREF
_h370.15, WAT
999 _c1325641
_d1325641